Bilecik Bilecik Bilecik Bilecik Bilecik

Hariciler (outsiders): bir sapkınlık sosyolojisi çalışması = (Record no. 73503)

MARC details
000 -BAŞLIK
Sabit Uzunluktaki Kontrol Alanı 01683nam a22004697a 4500
001 - KONTROL NUMARASI
Control Dosyası 0072748
003 - KONTROL NUMARASI KİMLİĞİ
Kontrol Alanı KOHA_MİRAKIL
005 - EN SON İŞLEM TARİHİ ve ZAMANI
Kontrol Alanı 20260207005108.0
007 - FİZİKSEL TANIM SABİT ALAN - GENEL BİLGİ
Sabit uzunluklu kontrol alanı ta
008 - SABİT UZUNLUKTAKİ VERİ ÖGELERİ - GENEL BİLGİ
Sabit Alan 241224b2021 tu |||gr||||#0|||0|tur |
020 ## - ISBN - ULUSLARARASI STANDART KİTAP NUMARASI
Isbn 9786056522499
040 ## - KATALOGLAMA KAYNAĞI
Özgün Kataloglama Kurumu TR-BiSEU
Kataloglama Dili tur
Çeviri Kurumu TR-BiSEU
Açıklama Kuralları rda
041 0# - DİL KODU
Metin ya da ses kaydının dil kodu tur
044 ## - YAYINLAYAN/ÜRETEN KURULUŞUN ÜLKE KODU
ISO country code tu
050 ## - SINIFLAMA ve YER NUMARASI
Sınıflama Numarası HV5825
Yer Numarası .B43 2021
100 1# - KİŞİ ADI
Yazar Adı (Kişi adı) Becker, Howard S..
240 10 - TEK BİÇİM BAŞLIK
Tekbiçim Başlık <a href="Outsiders: studies in the sociology of deviance">Outsiders: studies in the sociology of deviance</a>
Language of a work Türkçe
245 1# - ESER ADI BİLDİRİMİ
Başlık Hariciler (outsiders): bir sapkınlık sosyolojisi çalışması =
Alt Eseradı vb. Outsiders: studies in the sociology of deviance/
Sorumluluk Bildirimi Howard S. Becker ; Howard S. Becker; Türkçe söyleyen Şerife Geniş, Levent Ünsaldı; yayına hazırlayan Levent Ünsaldı.
250 ## - BASIM BİLDİRİMİ
Basım Bildirimi 5. Baskı
264 #1 - ÜRERİM, YAYIN, DAĞITIM ve TELİF BİLDİRİMİ
Yayın yeri Ankara :
Yayınlayan Heretik Yayınları
Yayın tarihi 2021
300 ## - FİZİKSEL TANIMLAMA
Sayfa, Cilt vb. 248 sayfa; 21 cm.
336 ## - İÇERİK TÜRÜ
Content type term metin
Content type code txt
Source rdacontent
337 ## - MEDYA TÜRÜ
Media type term aracısız
Media type code n
Source rdamedia
338 ## - TAŞIYICI TÜRÜ
Carrier type term cilt
Carrier type code nc
Source rdacarrier
490 1# - DİZİ BİLDİRİMİ
Dizi Bildirimi Heretik yayınları ;
Cilt Numarası 7.
490 1# - DİZİ BİLDİRİMİ
Dizi Bildirimi Howard S.
490 1# - DİZİ BİLDİRİMİ
Dizi Bildirimi Becker dizisi ;
Cilt Numarası 2
500 ## - GENEL NOT
Genel Not Kaynakça var.
650 #0 - KONU BAŞLIĞI EK GİRİŞ - KONU TERİMİ
Konusal terim veya coğrafi ad Sapkınlık kuramları.
9 (RLIN) 145443
650 #0 - KONU BAŞLIĞI EK GİRİŞ - KONU TERİMİ
Konusal terim veya coğrafi ad Müzisyenler--Amerika Birleşik Devletleri.
9 (RLIN) 145444
650 #0 - KONU BAŞLIĞI EK GİRİŞ - KONU TERİMİ
Konusal terim veya coğrafi ad Sapkın gruplar ve kuralları.
9 (RLIN) 145445
650 #0 - KONU BAŞLIĞI EK GİRİŞ - KONU TERİMİ
Konusal terim veya coğrafi ad Sosyal marjinallik.
9 (RLIN) 145446
650 #0 - KONU BAŞLIĞI EK GİRİŞ - KONU TERİMİ
Konusal terim veya coğrafi ad Theories of deviance.
9 (RLIN) 145447
650 #0 - KONU BAŞLIĞI EK GİRİŞ - KONU TERİMİ
Konusal terim veya coğrafi ad Musicians--United States.
9 (RLIN) 145448
650 #0 - KONU BAŞLIĞI EK GİRİŞ - KONU TERİMİ
Konusal terim veya coğrafi ad Deviant groups and their rules.
9 (RLIN) 145449
650 #0 - KONU BAŞLIĞI EK GİRİŞ - KONU TERİMİ
Konusal terim veya coğrafi ad Social marginality.
9 (RLIN) 145450
830 1# - SERİ EK GİRİŞİ - TEKBİÇİM ESER ADI
Tekbiçim Başlık Heretik yayınları ;
Volume number/sequential designation 7.
9 (RLIN) 92644
830 1# - SERİ EK GİRİŞİ - TEKBİÇİM ESER ADI
Tekbiçim Başlık Howard S.
9 (RLIN) 145451
830 1# - SERİ EK GİRİŞİ - TEKBİÇİM ESER ADI
Tekbiçim Başlık Becker dizisi ;
Volume number/sequential designation 2
9 (RLIN) 145452
907 ## - LOCAL DATA ELEMENT G, LDG (RLIN)
a Sosyal Bilimler
942 ## - EK GİRİŞ ÖGELERİ (KOHA)
Source of classification or shelving scheme Library of Congress Classification
Koha item type Book
Holdings
Materyal Türü Kalıcı Konum Mevcut Konum Raf Yeri Sınıflandırma Kaynağı Edinim Bilgisi Ana Konular Alt Konular Yer Numarası Demirbaş Numarası Fatura Tarihi Geri Çekilme Durumu Kayıp Durumu Hasarlı Durumu Kredi için değil Kayıt Tarih Toplam Ödünçverme Son Görülme Tarihi Son Kontrol Tarihi
Book Prof. Dr. Azmi Özcan Kütüphanesi Prof. Dr. Azmi Özcan Kütüphanesi Uluğbey Salonu Library of Congress Classification Satın SOSYAL BİLİMLER Sosyal Patoloji, Sosyal ve Kamu Refahı, Kriminoloji HV5825 .B43 2021 0072748 02/02/2026         24/12/2024   18/03/2025 18/03/2025